000 01372nam0a22003371 4500
001 v19\rc\1660673
005 20250619010221.0
035 _a(NLR Aleph) 004770174
090 _a4624997
_c4624997
100 _a20061002d1890 |||y0rusy50 ca
101 0 _arus
102 _aRU
105 _ay z |||||
200 1 _aПо поводу статьи д-ра И.И. Смольского "К диагностике и лечению трубной беременности в первой ее половине"
_e(Журн. акушерства и ж. б. апр. - май 1890 г.)
_f[Д-р В. Штольц]
210 _aСанкт-Петербург
_dценз. 1890
215 _a8 с.
300 _aАвт. указан в конце текста
309 _aБез тит. л. и обл.
311 _aПрил. к газ. "Врач" № 39 за 1890 г.
316 _aЭкз. РНБ (1/46низ): приплетено...
_5NLR: 1/46низ
422 0 _12001#$aВрач$v1890, № 39
_tВрач
482 0 _12001#$aВрач$v1890, № 39
_tВрач
700 1 _aШтольц
_bВ.И.
_f1837-1899
_gВладимир Иванович
702 1 _aСмольский
_bИ.И.
_4100
801 0 _aRU
_bNLR
_gpsbo
801 0 _aRU
_bRuMoRGB
_2psbo
801 1 _aRU
_bProSoft-M
_2rusmarc
852 _aNLR
_j1/46низ
899 _aБАН
942 _cBOOK
980 _aNB